|
|
|
|
| LEADER |
00000cam a2200000 a 4500 |
| 001 |
43288a |
| 005 |
20230308154903.0 |
| 008 |
979941|1974 ||||||||r|||||||||||spa|| |
| 040 |
|
|
|b spa
|
| 041 |
1 |
|
|a spa
|
| 082 |
0 |
|
|a 301
|
| 100 |
1 |
|
|a Horowitz, Irving Louis
|9 7869
|
| 245 |
|
|
|a Historia y elementos de la sociología del conocimiento
|c Selección con la dirección de Irving Louis Horowitz
|h imp
|n tomo 1
|
| 250 |
|
|
|a 3a ed.
|
| 264 |
|
|
|a Buenos Aires
|b EUDEBA
|c 1974
|
| 300 |
|
|
|a xvi; 353 páginas:
|c 22.5 cm
|
| 504 |
|
|
|a incl. ref.
|
| 650 |
|
|
|a Sociologia del conocimiento
|9 7870
|
| 852 |
|
|
|a UC-CDJBV
|c ESTANTERIA CERRADA
|f Compra
|k margarita.gutierrez
|l 1
|m General
|p 19799411
|q 200
|r 2
|t 43288a
|b 0
|d CDRC
|e CDRC
|g 301 ESTANTERIA CERRADA
|z 1979-99-41
|
| 942 |
|
|
|c BK
|
| 999 |
|
|
|c 3600
|d 3600
|